[Event "St Denis op 21st"]
[Site "St Denis"]
[Date "2019.10.20"]
[Round "5"]
[White "Folio, Raphael"]
[Black "Mablouke, Ulrich"]
[Result "1-0"]
[WhiteElo "1440"]
[BlackElo "1433"]
[PlyCount "75"]
[EventDate "2019.10.20"]
[EventType "swiss"]
[EventRounds "9"]
[EventCountry "RUF"]
[SourceTitle "CBM 192 Extra"]
[Source "Chessbase"]
[SourceDate "2019.11.06"]
[SourceVersion "1"]
[SourceVersionDate "2019.11.06"]
[SourceQuality "1"]

1. d4 d5 2. Nf3 f5 3. e3 e6 4. a3 c6 5. Be2 Bd6 6. b3 Nf6 7. h3 Nbd7 8. Bb2 Ne4 9. Nbd2 Ndf6 10. 0-0 Bd7 11. c4 0-0 12. c5 Bc7 13. Ne5 Qe7 14. b4 a6 15. a4 Nxd2 16. Qxd2 Ne4 17. Qd1 Rf6 18. b5 g5 19. Qe1 f4 20. exf4 gxf4 21. f3 Ng3 22. Rf2 Raf8 23. Bd3 Nf5 24. bxa6 b6 25. Ng4 Rg6 26. cxb6 Bxb6 27. Qe5 h5 28. Qxf4 hxg4 29. fxg4 Rg5 30. gxf5 e5 31. Qe3 e4 32. Be2 Rgxf5 33. Qg3+ Qg7 34. Qxg7+ Kxg7 35. Rxf5 Rxf5 36. a5 Ba7 37. Bc3 Rg5 38. Kf2 1-0

[Event "St Denis op 21st"]
[Site "St Denis"]
[Date "2019.10.20"]
[Round "6"]
[White "Mablouke, Ulrich"]
[Black "Erudel, Maeva"]
[Result "1-0"]
[WhiteElo "1433"]
[BlackElo "1009"]
[PlyCount "51"]
[EventDate "2019.10.20"]
[EventType "swiss"]
[EventRounds "9"]
[EventCountry "RUF"]
[SourceTitle "CBM 192 Extra"]
[Source "Chessbase"]
[SourceDate "2019.11.06"]
[SourceVersion "1"]
[SourceVersionDate "2019.11.06"]
[SourceQuality "1"]

1. e4 e6 2. d4 d5 3. Nc3 c5 4. exd5 exd5 5. dxc5 Bxc5 6. Nxd5 Ne7 7. Bc4 Be6 8. Bb5+ Nbc6 9. Nxe7 Qxd1+ 10. Kxd1 Bxe7 11. Bxc6+ bxc6 12. Ne2 0-0 13. Be3 Rfd8+ 14. Ke1 Bf6 15. c3 Rab8 16. b3 a6 17. f3 Rd3 18. Kf2 Bxc3 19. Nxc3 Rxc3 20. Rac1 Rd3 21. Rxc6 a5 22. Ra6 Rb5 23. Ra8+ Rb8 24. Rxb8+ Bc8 25. Rxc8+ Rd8 26. Rxd8# 1-0

[Event "St Denis op 21st"]
[Site "St Denis"]
[Date "2019.10.20"]
[Round "1"]
[White "Testud, Philippe"]
[Black "Mablouke, Ulrich"]
[Result "1-0"]
[WhiteElo "2140"]
[BlackElo "1433"]
[PlyCount "87"]
[EventDate "2019.10.20"]
[EventType "swiss"]
[EventRounds "9"]
[EventCountry "RUF"]
[SourceTitle "CBM 192 Extra"]
[Source "Chessbase"]
[SourceDate "2019.11.06"]
[SourceVersion "1"]
[SourceVersionDate "2019.11.06"]
[SourceQuality "1"]

1. d4 d5 2. Bf4 f5 3. Nf3 Nd7 4. c4 e6 5. Nc3 c6 6. e3 Ngf6 7. h3 Ne4 8. Rc1 Ndf6 9. a3 Be7 10. Bd3 Bd6 11. 0-0 Nxc3 12. Rxc3 Ne4 13. Bxe4 fxe4 14. Ne5 0-0 15. b4 a6 16. Qb3 Bd7 17. Rfc1 Qe8 18. a4 Kh8 19. Qb2 Kg8 20. b5 a5 21. Nxd7 Qxd7 22. Bxd6 Qxd6 23. cxd5 cxd5 24. Rc7 Qb6 25. Qa3 Rae8 26. Qc5 Qxc5 27. R1xc5 Rb8 28. b6 Rf7 29. Rxf7 Kxf7 30. Rxa5 Ke7 31. Rc5 Rd8 32. f3 exf3 33. gxf3 Kd6 34. Rc7 Rd7 35. Rc8 e5 36. dxe5+ Kxe5 37. Rc7 Kd6 38. Rxd7+ Kxd7 39. a5 Kc6 40. e4 d4 41. Kf2 Kb5 42. e5 Kc6 43. e6 Kd5 44. e7 1-0

[Event "Reunion op 20th"]
[Site "St Denis"]
[Date "2018.10.18"]
[Round "6"]
[White "Mablouke, Ulrich"]
[Black "Eric Andriana, Fitia"]
[Result "0-1"]
[WhiteElo "1460"]
[BlackElo "1186"]
[PlyCount "56"]
[EventDate "2018.10.14"]
[EventType "swiss"]
[EventRounds "9"]
[EventCountry "RUF"]
[SourceTitle "CBM 187 Extra"]
[Source "ChessBase"]
[SourceDate "2018.11.04"]
[SourceVersion "1"]
[SourceVersionDate "2018.11.04"]
[SourceQuality "1"]

1. e4 e5 2. Nc3 Nc6 3. f4 d6 4. f5 Nf6 5. a3 Bd7 6. Bc4 Ne7 7. g4 Bc6 8. d3 d5 9. g5 Nxe4 10. dxe4 dxc4 11. Qf3 Qd7 12. Be3 Nxf5 13. Rd1 Bd6 14. Nd5 Nxe3 15. Nxe3 0-0-0 16. Nxc4 Qe6 17. Na5 Bc5 18. Ne2 Rxd1+ 19. Kxd1 Rd8+ 20. Kc1 Ba4 21. Nc3 Bc6 22. Rf1 Rf8 23. Rd1 f5 24. Nxc6 Qxc6 25. Rd5 fxe4 26. Qxe4 Bd4 27. Nb5 Rf4 28. Qh1 Qc4 0-1

[Event "Reunion op 18th"]
[Site "St Denis"]
[Date "2016.10.13"]
[Round "6"]
[White "Mablouke, Ulrich"]
[Black "Carballar, Eric"]
[Result "1-0"]
[WhiteElo "1565"]
[BlackElo "1399"]
[PlyCount "31"]
[EventDate "2016.10.10"]
[EventType "swiss"]
[EventRounds "7"]
[EventCountry "RUF"]
[SourceTitle "CBM 175 Extra"]
[Source "ChessBase"]
[SourceDate "2016.12.12"]
[SourceVersion "1"]
[SourceVersionDate "2016.12.12"]
[SourceQuality "1"]

1. e4 e5 2. Nf3 Nc6 3. Bc4 Qf6 4. Nc3 Bd6 5. Nd5 Qg6 6. 0-0 Qxe4 7. d3 Qf5 8. Nxc7+ Bxc7 9. d4 d6 10. c3 Nge7 11. Ng5 0-0 12. Bd3 Qf6 13. Bxh7+ Kh8 14. Qh5 g6 15. Bxg6+ Kg8 16. Qh7# 1-0

[Event "Reunion op 17th"]
[Site "St Denis"]
[Date "2015.10.10"]
[Round "2"]
[White "Laoussing, Mathis"]
[Black "Mablouke, Ulrich"]
[Result "0-1"]
[WhiteElo "1270"]
[BlackElo "1653"]
[PlyCount "108"]
[EventDate "2015.10.10"]
[EventType "swiss"]
[EventRounds "9"]
[EventCountry "RUF"]
[SourceTitle "CBM 168 Extra"]
[Source "ChessBase"]
[SourceDate "2015.10.29"]
[SourceVersion "1"]
[SourceVersionDate "2015.10.29"]
[SourceQuality "1"]

1. e4 e6 2. d4 d5 3. e5 c5 4. c3 Nc6 5. Nf3 Qb6 6. Bd3 Bd7 7. Bc2 Nh6 8. 0-0 Nf5 9. Bxf5 exf5 10. a3 cxd4 11. cxd4 a5 12. Nc3 Be6 13. Rb1 Be7 14. a4 0-0 15. Nb5 Qd8 16. Bd2 f6 17. Qe2 Qd7 18. Rfe1 Rae8 19. b3 fxe5 20. Nxe5 Nxe5 21. Qxe5 Bf6 22. Qc7 Qf7 23. Qxf7+ Bxf7 24. Rxe8 Bxe8 25. Nd6 Bc6 26. Bxa5 Bxd4 27. h3 Rf6 28. Nc8 Re6 29. Bb4 Bf6 30. Nd6 Be7 31. Nxf5 Bxb4 32. Nd4 Re1+ 33. Rxe1 Bxe1 34. Nc2 Bc3 35. Kf1 d4 36. f3 Bd5 37. b4 Bb3 38. Ne1 Bxb4 39. Nd3 Bc4 40. Ke2 Kf7 41. g4 g5 42. f4 gxf4 43. h4 Kg6 44. Kf3 Bxd3 45. Kxf4 h5 46. g5 Bd6+ 47. Kf3 Kf5 48. a5 Ke5 49. Kf2 Kf4 50. Ke1 Bb4+ 51. Kd1 Bxa5 52. Kc1 Kg4 53. g6 Bxg6 54. Kd1 Kxh4 0-1

[Event "Reunion op 17th"]
[Site "St Denis"]
[Date "2015.10.10"]
[Round "6"]
[White "Petry, Joachim"]
[Black "Mablouke, Ulrich"]
[Result "1-0"]
[WhiteElo "1399"]
[BlackElo "1653"]
[PlyCount "73"]
[EventDate "2015.10.10"]
[EventType "swiss"]
[EventRounds "9"]
[EventCountry "RUF"]
[SourceTitle "CBM 168 Extra"]
[Source "ChessBase"]
[SourceDate "2015.10.29"]
[SourceVersion "1"]
[SourceVersionDate "2015.10.29"]
[SourceQuality "1"]

1. e4 e5 2. Bc4 Nf6 3. Nc3 Nc6 4. d3 h6 5. Nf3 d6 6. h3 Na5 7. Bb3 Nxb3 8. axb3 Be7 9. 0-0 Nh7 10. Be3 g5 11. Nh2 Be6 12. d4 exd4 13. Bxd4 Bf6 14. Be3 Bxc3 15. bxc3 a6 16. f4 gxf4 17. Bxf4 Ng5 18. Qd4 Rg8 19. Kh1 Qe7 20. e5 d5 21. b4 c6 22. Qe3 Ne4 23. Rf3 h5 24. Rd1 h4 25. Nf1 Qf8 26. Nd2 Qg7 27. Rg1 Bf5 28. c4 Ng3+ 29. Bxg3 hxg3 30. Rxf5 0-0-0 31. Rgf1 Rh8 32. Rg5 Qh6 33. Qxg3 dxc4 34. Nxc4 Qe6 35. Nd6+ Kb8 36. Nxf7 Rdf8 37. Rf6 1-0

[Event "Reunion op 15th"]
[Site "St Denis"]
[Date "2013.10.19"]
[Round "9"]
[White "Payet, Fabrice"]
[Black "Mablouke, Ulrich"]
[Result "1-0"]
[WhiteElo "1670"]
[BlackElo "1739"]
[PlyCount "93"]
[EventDate "2013.10.12"]
[EventType "swiss"]
[EventRounds "9"]
[EventCountry "RUF"]
[SourceTitle "EXT 2014"]
[Source "ChessBase"]
[SourceDate "2013.11.20"]
[SourceVersion "1"]
[SourceVersionDate "2013.11.20"]
[SourceQuality "1"]

1. e4 c6 2. d4 d5 3. Nc3 dxe4 4. Nxe4 Bf5 5. Ng3 Bg6 6. Nf3 Nd7 7. Nh4 Ngf6 8. Nxg6 hxg6 9. Bc4 e6 10. Bg5 Bd6 11. h4 Bxg3 12. fxg3 Qc7 13. Bf4 Qa5+ 14. Qd2 Qxd2+ 15. Bxd2 Ne4 16. Bf4 g5 17. Bc7 Rc8 18. Bd3 Nef6 19. Be5 Ke7 20. Bxf6+ Nxf6 21. 0-0-0 g4 22. Rde1 c5 23. dxc5 Rxc5 24. Rhf1 Rhc8 25. b3 a5 26. Rf4 b5 27. Kb2 Nd5 28. Rf5 Nb4 29. Rxc5 Nxd3+ 30. cxd3 Rxc5 31. d4 Rd5 32. Kc3 Kd6 33. Rf1 f5 34. h5 Ke7 35. Rh1 Kf6 36. h6 gxh6 37. Rxh6+ Ke7 38. a4 bxa4 39. bxa4 Kd6 40. Kc4 Kd7 41. Rh7+ Kd6 42. Ra7 Kc6 43. Ra6+ Kd7 44. Rb6 Ke7 45. Rb5 Kd6 46. Rxd5+ exd5+ 47. Kb5 1-0

[Event "Reunion op 14th"]
[Site "St Denis"]
[Date "2012.10.13"]
[Round "9"]
[White "Ratsimikatry, Caryl Patrick"]
[Black "Mablouke, Ulrich"]
[Result "0-1"]
[WhiteElo "1924"]
[BlackElo "1785"]
[PlyCount "105"]
[EventDate "2012.10.06"]
[EventType "swiss"]
[EventRounds "9"]
[EventCountry "RUF"]
[SourceTitle "EXT 2013"]
[Source "ChessBase"]
[SourceDate "2012.11.22"]
[SourceVersion "1"]
[SourceVersionDate "2012.11.22"]
[SourceQuality "1"]

1. e4 c6 2. d4 d5 3. e5 Bf5 4. Nf3 e6 5. Be2 h6 6. 0-0 Nd7 7. c4 Nb6 8. c5 Nd7 9. Nc3 Be7 10. Be3 Bg5 11. b4 Bxe3 12. fxe3 h5 13. h4 Nh6 14. Ng5 Nf8 15. Bxh5 g6 16. Be2 Nh7 17. Nxh7 Rxh7 18. h5 Qg5 19. Rf4 Kd7 20. hxg6 fxg6 21. Kf2 Rah8 22. Bf3 Ng4+ 23. Bxg4 Qh4+ 24. Kf3 Bxg4+ 25. Rxg4 Rf8+ 26. Rf4 Rhf7 27. g3 Qh2 28. Qe2 Qh6 29. Qg2 g5 30. Rh1 Qg6 31. Qd2 gxf4 32. exf4 Rg8 33. Qf2 Qd3+ 34. Qe3 Qxe3+ 35. Kxe3 Rxg3+ 36. Kd2 Rfg7 37. a4 Rg2+ 38. Ne2 b6 39. b5 Kc8 40. Ke3 Kb8 41. Rh8+ Kb7 42. Rh6 Re7 43. f5 exf5 44. Rxc6 bxc5 45. Rxc5 Rc7 46. Rxc7+ Kxc7 47. Nf4 Rg3+ 48. Kd2 Ra3 49. Nxd5+ Kd8 50. Nc3 f4 51. d5 f3 52. Ne4 Rxa4 53. Ke3 0-1

[Event "Reunion op 14th"]
[Site "St Denis"]
[Date "2012.10.10"]
[Round "5"]
[White "Chan Kai Hou, Fabrice"]
[Black "Mablouke, Ulrich"]
[Result "1-0"]
[WhiteElo "1954"]
[BlackElo "1785"]
[PlyCount "33"]
[EventDate "2012.10.06"]
[EventType "swiss"]
[EventRounds "9"]
[EventCountry "RUF"]
[SourceTitle "EXT 2013"]
[Source "ChessBase"]
[SourceDate "2012.11.22"]
[SourceVersion "1"]
[SourceVersionDate "2012.11.22"]
[SourceQuality "1"]

1. d4 e5 2. dxe5 Nc6 3. Nf3 Qe7 4. Nc3 Nxe5 5. e4 c6 6. Be2 Nxf3+ 7. Bxf3 f5 8. 0-0 fxe4 9. Bxe4 Nf6 10. Re1 Kd8 11. Bxc6 Qc5 12. Bf3 Bd6 13. Be3 Qb4 14. a3 Qxb2 15. Qxd6 Qxc3 16. Bxa7 Nd5 17. Bxd5 1-0

[Event "Reunion op 12th"]
[Site "St Denis"]
[Date "2010.10.14"]
[Round "6"]
[White "Pawlak, Roland"]
[Black "Mablouke, Ulrich"]
[Result "0-1"]
[WhiteElo "1390"]
[BlackElo "1814"]
[PlyCount "34"]
[EventDate "2010.10.09"]
[EventType "swiss"]
[EventRounds "9"]
[EventCountry "RUF"]
[SourceTitle "CBM 138 Extra"]
[Source "ChessBase"]
[SourceDate "2010.10.29"]
[SourceVersion "1"]
[SourceVersionDate "2010.10.29"]
[SourceQuality "1"]

1. e4 d5 2. Nc3 e6 3. exd5 exd5 4. Nf3 c6 5. d4 Bd6 6. Bg5 f6 7. Bh4 Bg4 8. h3 Bh5 9. g4 Bg6 10. Bd3 Ne7 11. g5 Nd7 12. gxf6 gxf6 13. Rg1 Qc7 14. Qe2 0-0-0 15. Qe6 Kb8 16. Bxf6 Nxf6 17. Qxf6 Rhf8 0-1

[Event "Reunion op 12th"]
[Site "St Denis"]
[Date "2010.10.13"]
[Round "5"]
[White "Mablouke, Ulrich"]
[Black "Han Yee Yu, Jerome"]
[Result "0-1"]
[WhiteElo "1814"]
[BlackElo "1558"]
[PlyCount "34"]
[EventDate "2010.10.09"]
[EventType "swiss"]
[EventRounds "9"]
[EventCountry "RUF"]
[SourceTitle "CBM 138 Extra"]
[Source "ChessBase"]
[SourceDate "2010.10.29"]
[SourceVersion "1"]
[SourceVersionDate "2010.10.29"]
[SourceQuality "1"]

1. d4 Nf6 2. Nc3 d5 3. Bg5 c6 4. f3 Nbd7 5. e4 e5 6. dxe5 Nxe5 7. f4 Neg4 8. Qd2 Be7 9. h3 Nh6 10. Bxh6 gxh6 11. e5 Ne4 12. Nxe4 dxe4 13. Qe2 Bh4+ 14. Qf2 Bxf2+ 15. Kxf2 Qd2+ 16. Kg3 Rg8+ 17. Kh2 Qxf4+ 0-1

[Event "Reunion op 12th"]
[Site "St Denis"]
[Date "2010.10.11"]
[Round "4"]
[White "Hamon, Christian"]
[Black "Mablouke, Ulrich"]
[Result "1-0"]
[WhiteElo "2018"]
[BlackElo "1814"]
[PlyCount "37"]
[EventDate "2010.10.09"]
[EventType "swiss"]
[EventRounds "9"]
[EventCountry "RUF"]
[SourceTitle "CBM 138 Extra"]
[Source "ChessBase"]
[SourceDate "2010.10.29"]
[SourceVersion "1"]
[SourceVersionDate "2010.10.29"]
[SourceQuality "1"]

1. Nf3 Nc6 2. b3 e5 3. Bb2 d6 4. e3 Bg4 5. Be2 Be7 6. c4 Nf6 7. d4 Nd7 8. Nc3 f6 9. a3 Qc8 10. b4 Bd8 11. h3 Bxf3 12. Bxf3 Ne7 13. c5 Rb8 14. Rc1 dxc5 15. dxc5 c6 16. Qb3 f5 17. e4 f4 18. Bg4 h5 19. Be6 1-0

[Event "Reunion op 11th"]
[Site "St Denis"]
[Date "2009.10.11"]
[Round "3"]
[White "Mablouke, Ulrich"]
[Black "Pawlak, Roland"]
[Result "1-0"]
[WhiteElo "1838"]
[BlackElo "1499"]
[PlyCount "61"]
[EventDate "2009.10.10"]
[EventType "swiss"]
[EventRounds "9"]
[EventCountry "RUF"]
[SourceTitle "CBM 132 Extra"]
[Source "ChessBase"]
[SourceDate "2009.11.03"]
[SourceVersion "1"]
[SourceVersionDate "2009.11.03"]
[SourceQuality "1"]

1. e4 e5 2. f4 exf4 3. Nf3 d5 4. Nc3 dxe4 5. Nxe4 Qe7 6. Kf2 Qxe4 7. Bb5+ Bd7 8. Re1 Bc5+ 9. d4 Bxd4+ 10. Qxd4 Qxe1+ 11. Kxe1 f6 12. Bxd7+ Nxd7 13. Qe4+ Ne7 14. Bxf4 c6 15. Kf2 0-0 16. Qe6+ Rf7 17. Qxd7 Nd5 18. Qg4 f5 19. Qg3 Re8 20. Re1 Nf6 21. Rxe8+ Nxe8 22. Ne5 Nf6 23. Qb3 Ne4+ 24. Ke3 Nd6 25. Nxf7 Nxf7 26. Qxb7 g5 27. Qb8+ Kg7 28. Be5+ Nxe5 29. Qxe5+ Kg6 30. Qe6+ Kh5 31. Qxf5 1-0

[Event "Reunion op 10th"]
[Site "St Denis"]
[Date "2008.10.12"]
[Round "2"]
[White "Rakotomaharo, Yves Andre"]
[Black "Mablouke, Ulrich"]
[Result "1-0"]
[WhiteElo "1499"]
[BlackElo "1839"]
[PlyCount "44"]
[EventDate "2008.10.11"]
[EventType "swiss"]
[EventRounds "9"]
[EventCountry "RUF"]
[SourceTitle "EXT 2009"]
[Source "ChessBase"]
[SourceDate "2008.11.26"]
[SourceVersion "1"]
[SourceVersionDate "2008.11.26"]
[SourceQuality "1"]

1. Nf3 d5 2. d4 Nc6 3. c3 f6 4. Bf4 Bg4 5. Nbd2 Qd7 6. h3 Bh5 7. Qa4 e5 8. dxe5 fxe5 9. g4 Bg6 10. Bh2 Be7 11. 0-0-0 a6 12. e4 0-0-0 13. exd5 Qxd5 14. Bc4 Qa5 15. Be6+ Kb8 16. Qxa5 Nxa5 17. Nxe5 Nh6 18. Nd7+ Ka7 19. Bxc7 Nc6 20. Bb6+ Ka8 21. Bxd8 Rxd8 22. f4 Nd4 1-0

[Event "Reunion op 09th"]
[Site "Reunion"]
[Date "2007.10.20"]
[Round "8"]
[White "Lecoro, Sylvain"]
[Black "Mablouke, Ulrich"]
[Result "1/2-1/2"]
[WhiteElo "1560"]
[BlackElo "1877"]
[PlyCount "48"]
[EventDate "2007.10.14"]
[EventType "swiss"]
[EventRounds "9"]
[EventCountry "RUF"]
[SourceTitle "EXT 2012"]
[Source "ChessBase"]
[SourceDate "2011.11.24"]
[SourceVersion "1"]
[SourceVersionDate "2011.11.24"]
[SourceQuality "1"]

1. e4 e5 2. Nc3 f5 3. f4 exf4 4. Nf3 g5 5. d4 g4 6. Bxf4 gxf3 7. Qxf3 h5 8. Bc4 Qh4+ 9. Bg3 Qg4 10. 0-0 Qxf3 11. Rxf3 d6 12. Nd5 Kd8 13. exf5 Nc6 14. c3 h4 15. Bf4 Bh6 16. f6 Bg4 17. Rf2 Bh5 18. Bxh6 Nxh6 19. Nf4 Bf7 20. d5 Ne5 21. Bb3 Nhg4 22. Re2 Kd7 23. Ba4+ c6 24. dxc6+ bxc6 1/2-1/2

[Event "Reunion op 09th"]
[Site "Reunion"]
[Date "2007.10.19"]
[Round "7"]
[White "Mablouke, Ulrich"]
[Black "Blanc, Alain"]
[Result "1/2-1/2"]
[WhiteElo "1877"]
[BlackElo "1720"]
[PlyCount "39"]
[EventDate "2007.10.14"]
[EventType "swiss"]
[EventRounds "9"]
[EventCountry "RUF"]
[SourceTitle "EXT 2012"]
[Source "ChessBase"]
[SourceDate "2011.11.24"]
[SourceVersion "1"]
[SourceVersionDate "2011.11.24"]
[SourceQuality "1"]

1. e4 c5 2. d4 cxd4 3. c3 dxc3 4. Nxc3 Nc6 5. Nf3 e6 6. Bf4 a6 7. Bd3 Nge7 8. 0-0 Ng6 9. Bg3 Be7 10. Qe2 0-0 11. Rae1 d6 12. Rd1 Qe8 13. h4 h6 14. Bb1 Nge5 15. h5 Nxf3+ 16. Qxf3 Ne5 17. Qe2 Bd7 18. f4 Nc6 19. Bf2 Rc8 20. Be3 1/2-1/2

[Event "Reunion op 09th"]
[Site "Reunion"]
[Date "2007.10.18"]
[Round "5"]
[White "Mablouke, Ulrich"]
[Black "Figaro, Dericka"]
[Result "0-1"]
[WhiteElo "1877"]
[BlackElo "1600"]
[PlyCount "56"]
[EventDate "2007.10.14"]
[EventType "swiss"]
[EventRounds "9"]
[EventCountry "RUF"]
[SourceTitle "EXT 2012"]
[Source "ChessBase"]
[SourceDate "2011.11.24"]
[SourceVersion "1"]
[SourceVersionDate "2011.11.24"]
[SourceQuality "1"]

1. e4 c5 2. b4 cxb4 3. a3 d6 4. axb4 Nf6 5. Bc4 e6 6. Qe2 Be7 7. Nc3 Nbd7 8. f4 Qc7 9. Nb5 Qb8 10. Nc3 b6 11. Nf3 0-0 12. b5 Bb7 13. 0-0 d5 14. exd5 exd5 15. Bxd5 Bxd5 16. Nxd5 Nxd5 17. c4 Re8 18. d4 Nxf4 19. Bxf4 Qxf4 20. Rad1 Bf6 21. Ne5 Qg5 22. Qf3 Rad8 23. Rde1 Nxe5 24. dxe5 Rxe5 25. h4 Qg6 26. Rd1 Rxd1 27. Rxd1 h6 28. Qa8+ Kh7 0-1